UBT Library

Fundamentals of property law / (Record no. 41658)

000 -LEADER
fixed length control field 00832cam a2200277 a 4500
001 - CONTROL NUMBER
control field 16102254
005 - DATE AND TIME OF LATEST TRANSACTION
control field 20180202074624.0
008 - FIXED-LENGTH DATA ELEMENTS--GENERAL INFORMATION
fixed length control field 100223s2010 njuab b 001 0 eng
010 ## - LIBRARY OF CONGRESS CONTROL NUMBER
LC control number 2010008073
020 ## - INTERNATIONAL STANDARD BOOK NUMBER
International Standard Book Number 9781422477762 (hbk.)
020 ## - INTERNATIONAL STANDARD BOOK NUMBER
International Standard Book Number 1422477762 (hbk.)
035 ## - SYSTEM CONTROL NUMBER
System control number (OCoLC)ocn528665997
040 ## - CATALOGING SOURCE
Original cataloging agency DLC
Transcribing agency DLC
Modifying agency ZYF
-- ONS
-- NDL
-- DLC
041 ## - LANGUAGE CODE
Language code of text/sound track or separate title eng
042 ## - AUTHENTICATION CODE
Authentication code pcc
043 ## - GEOGRAPHIC AREA CODE
Geographic area code n-us---
080 ## - UNIVERSAL DECIMAL CLASSIFICATION NUMBER
Universal Decimal Classification number 346.7304
082 00 - DEWEY DECIMAL CLASSIFICATION NUMBER
Classification number 346.7304 BUR
Edition number 22
100 1# - Rafti
Rafti 14
101 ## - Shkurtesa
Shkurtesa SHP
245 10 - TITLE STATEMENT
Title Fundamentals of property law /
Statement of responsibility, etc by Barlow Burke, Ann M. Burkhart, R.H. Helmholz.
504 ## - BIBLIOGRAPHY, ETC. NOTE
Bibliography, etc Includes bibliographical references and index.
906 ## - LOCAL DATA ELEMENT F, LDF (RLIN)
a 7
b cbc
c orignew
d 1
e ecip
f 20
g y-gencatlg
942 ## - ADDED ENTRY ELEMENTS (KOHA)
Source of classification or shelving scheme
Item type Books
Holdings
Withdrawn status Lost status Source of classification or shelving scheme Damaged status Not for loan Collection code Permanent location Current location Shelving location Date acquired Total Checkouts Full call number Barcode Date last seen Price effective from Koha item type
          Koleksioni i përgjithshem UBT - Lipjan UBT - Lipjan Koleksioni i lëndeve mesimore 02/02/2018   346.7304 BUR 002-2997609 02/02/2018 02/02/2018 Books
UBT Library © 2015-2024. All rights reserved University Education for Business and Technology